• 首页
  • 本馆介绍
  • 公告通知
  • 最新文献
  • 馆藏检索
  • 电子资源
  • 读者导购
  • 参考咨询
  • 我的图书馆
  • 登录
  • 详细信息显示
  • 放入我的书架
  • 预约/预借图书
  • 作者相关作品
  • 分类相关作品
  • 丛书相关作品
  • 出版社相关作品

书目信息

  • 表格格式
  • 工作单格式
  • 卡片格式
题名:
DIY 2002硬盘分区软件安装维护大全
    
 
作者: 李跃贞 编写
分册:  
出版信息: 北京   北京希望电子出版社  2002
页数: 502页
开本: 26cm
丛书名: 计算机知识普及和软件开发系列
单 册:
中图分类: TP333.3
科图分类:
主题词: 硬磁盘--基本知识 , 软件工程--安装 , CT--S063189--软件工程 , CT--S089801--硬磁盘
电子资源:
ISBN: 7-900101-49-7
000 01051oam2 2200289 45
001 012002067225
005 20070727171147.01
010    @a7-900101-49-7@dCNY42.00
100    @a20020828d2002 em y0chiy0110 ea
101 0  @achi
102    @aCN@b110000
105    @ay z 000yy
200 1  @aDIY 2002硬盘分区软件安装维护大全@9DIY 2002 ying pan fen qu ruan jian an zhuang wei hu da quan@f李跃贞等编写
210    @a北京@c北京希望电子出版社@d2002
215    @a502页@d26cm
225 2  @a计算机知识普及和软件开发系列@i电脑软、硬件自己动手DIY系列@v14
300    @a“十五”国家重点电子出版物规划项目
330    @a本书包括:“精彩的硬盘世界”、“硬盘分区”、“单机上安装多个操作系统”、“使用引导工具管理多系统”、“妥善卸载”五篇内容。
462  0 @12001 @a电脑软、硬件自己动手DIY系列@v14
606 0  @a硬磁盘@x基本知识
606 0  @a软件工程@x安装
606 0  @2CT@3S063189@a软件工程
606 0  @2CT@3S089801@a硬磁盘
690    @aTP333.3@v4
701  0 @a李跃贞@9li yue zhen@4编写
801  0 @aCN@bTSSF@c20070727
905    @a10447@dTP333.3@e100
    
    DIY 2002硬盘分区软件安装维护大全/李跃贞等编写.-北京:北京希望电子出版社,2002
    502页;26cm.-(计算机知识普及和软件开发系列.电脑软、硬件自己动手DIY系列;14)
    “十五”国家重点电子出版物规划项目
    
    ISBN 7-900101-49-7:CNY42.00
    本书包括:“精彩的硬盘世界”、“硬盘分区”、“单机上安装多个操作系统”、“使用引导工具管理多系统”、“妥善卸载”五篇内容。
●
相关链接 在E读中查询图书 在五车中查询图书 在当当中查询图书 在豆瓣中查询图书


正题名:DIY 2002硬盘分区软件安装维护大全     索取号:TP333.3/100         预约/预借

序号 登录号 条形码 馆藏地/架位号 状态 备注
1 0784546   207845466   第三借阅区/ [索取号:TP333.3/100] 在馆    
2 0784547   207845475   第三借阅区/ [索取号:TP333.3/100] 在馆    
3 0784548   207845484   第三借阅区/ [索取号:TP333.3/100] 在馆    
4 0784549   207845493   第三借阅区/ [索取号:TP333.3/100] 在馆    
5 0784550   207845509   第三借阅区/ [索取号:TP333.3/100] 在馆    
唐山师范学院图书馆 欢迎您!
大连网信软件有限公司© 版权所有